00543nam a22001697a 4500003000400000008004100004020001800045100003000063245002200093250000800115260005200123300000800175650001200183942001200195999001700207952014900224OSt250529b |||||||| |||| 00| 0 eng d a9788170771166 aSASHTRI, Acharya Udyaveer aMeemansa Darsanam a1st aNew DelhibVijay Kumar Govindram Hasanandc2024 a944 aGeneral 2ddccBK c13613d13613 00102ddc40708IKSBCaPIETbPIETd2025-04-10eSubash KohalifINRg550.00k828l0o181.42 SHMpK86r2025-05-29 00:00:00v550.00w2025-04-10yBK